000 00831nam a2200241 a 4500
005 20070119085348.0
008 060831s2006 ii b 000 0 eng
010 _aENG-91362
020 _c100.00
035 _aEN-74895
037 _bDBAD / PUB
040 _adpl
_bEnglish
082 _a921
100 _aRaju, S.V.
245 _aM.R. Pai:
_cby S.V. Raju
_bthe story of an uncommon common man /
260 _aMumbai
_bStrand Book Stall
_c2008
300 _axii, 185p.:
_c22cm (pbk)
_bcol. photos
500 _aIncludes appendix
520 _aHistory of Kashmiri Pandits and Kashmir, India.
600 _aPai, M.R.
_xBiography
942 _2ddc
_cEN
_mPAI
_h921
999 _c16868
_d16868